<?xml version="1.0" encoding="UTF-8"?>
<collection xmlns="http://www.loc.gov/MARC21/slim">
 <record>
  <leader>01630nam a2200289 a 4500</leader>
  <controlfield tag="001">1/45824</controlfield>
  <controlfield tag="008">150504s2013    gr            00110 gre  </controlfield>
  <datafield tag="020" ind1=" " ind2=" ">
   <subfield code="a">9789604615162</subfield>
  </datafield>
  <datafield tag="035" ind1=" " ind2=" ">
   <subfield code="l">48793</subfield>
  </datafield>
  <datafield tag="040" ind1=" " ind2=" ">
   <subfield code="a">GR-PeUP</subfield>
  </datafield>
  <datafield tag="082" ind1="0" ind2="0">
   <subfield code="a">658.406 3 ΔΙΑ</subfield>
  </datafield>
  <datafield tag="245" ind1="0" ind2="0">
   <subfield code="a">Διαχείριση επιχειρησιακών διαδικασιών :</subfield>
   <subfield code="b">οργάνωση, αναδιοργάνωση και βελτίωση /</subfield>
   <subfield code="c">Νικόλαος Α. Παναγιώτου, Νικόλαος Π. Ευαγγελόπουλος, Πέτρος Κ. Κατημερτζόγλου, Σωτήριος Π. Γκαγιαλής.</subfield>
  </datafield>
  <datafield tag="260" ind1="0" ind2=" ">
   <subfield code="a">Αθήνα :</subfield>
   <subfield code="b">Εκδόσεις Κλειδάριθμος,</subfield>
   <subfield code="c">2013.</subfield>
  </datafield>
  <datafield tag="300" ind1=" " ind2=" ">
   <subfield code="a">510 σ. :</subfield>
   <subfield code="b">διαγρ. ;</subfield>
   <subfield code="c">23 εκ.</subfield>
  </datafield>
  <datafield tag="500" ind1=" " ind2=" ">
   <subfield code="a">Περιέχει ευρετήριο και γλωσσάρι.</subfield>
  </datafield>
  <datafield tag="504" ind1=" " ind2=" ">
   <subfield code="a">Περιέχει βιβλιογραφία.</subfield>
  </datafield>
  <datafield tag="650" ind1=" " ind2="4">
   <subfield code="a">Εταιρείες</subfield>
   <subfield code="x">Διοίκηση και οργάνωση.</subfield>
  </datafield>
  <datafield tag="650" ind1=" " ind2="4">
   <subfield code="a">Οργανωσιακή αλλαγή.</subfield>
  </datafield>
  <datafield tag="650" ind1=" " ind2="4">
   <subfield code="a">Οργάνωση επιχειρήσεων.</subfield>
  </datafield>
  <datafield tag="650" ind1=" " ind2="4">
   <subfield code="a">Reengineering (Management).</subfield>
  </datafield>
  <datafield tag="650" ind1=" " ind2="4">
   <subfield code="a">Workflow</subfield>
   <subfield code="x">Management</subfield>
   <subfield code="x">Case Studies.</subfield>
  </datafield>
  <datafield tag="700" ind1="1" ind2=" ">
   <subfield code="a">Παναγιώτου, Νικόλαος Α.</subfield>
  </datafield>
  <datafield tag="700" ind1="1" ind2=" ">
   <subfield code="a">Ευαγγελόπουλος, Νικόλαος Π.</subfield>
  </datafield>
  <datafield tag="700" ind1="1" ind2=" ">
   <subfield code="a">Κατημερτζόγλου, Πέτρος Κ.</subfield>
  </datafield>
  <datafield tag="700" ind1="1" ind2=" ">
   <subfield code="a">Γκαγιαλής, Σωτήριος Π.</subfield>
  </datafield>
  <datafield tag="852" ind1=" " ind2=" ">
   <subfield code="a">INST</subfield>
   <subfield code="b">UNIPILB</subfield>
   <subfield code="c">EUDOXOS</subfield>
   <subfield code="e">20150504</subfield>
   <subfield code="h">658.406 3 ΔΙΑ</subfield>
   <subfield code="p">00173599</subfield>
   <subfield code="q">00173599</subfield>
   <subfield code="t">CLOCOL</subfield>
   <subfield code="y">23</subfield>
   <subfield code="4">2</subfield>
  </datafield>
  <datafield tag="852" ind1=" " ind2=" ">
   <subfield code="a">INST</subfield>
   <subfield code="b">UNIPILB</subfield>
   <subfield code="c">EUDOXOS</subfield>
   <subfield code="e">20150504</subfield>
   <subfield code="h">658.406 3 ΔΙΑ</subfield>
   <subfield code="p">00173600</subfield>
   <subfield code="q">00173600</subfield>
   <subfield code="t">CLOCOL</subfield>
   <subfield code="y">0</subfield>
   <subfield code="4">1</subfield>
  </datafield>
 </record>
</collection>
